000 00273nam a22001097a 4500
008 170125b xxu||||| |||| 00| 0 eng d
020 _a9780721692357
041 _aeng
080 _22ND
_a618.2
245 _aCOMPREHENSIVE REVIEW FOR NCLEX-RN
_cSILVESTRI, L.A
942 _2udc
_cBK
999 _c3646
_d3646